Music Quiz

Random Music or Artist Quiz

Beatles 150 Greatest Hits Quiz Stats

 Plays Quiz Updated Oct 18, 2017

Score 0/150 Timer 20:00
5 Plays Today
Rank (HP/Year) Song % Correct
38 (#1/1981)Medley (including No Reply, I'll Be Back, Drive My Car, Do You Want To Know a Secret, We Can Work It Out, I Should Have Known Better, Nowhere Man, You're Going To Lose That Girl)
100%
108 (#12/1982)The Beatles' Movie Medley (Magical Mystery Tour, All You Need Is Love, You've Got To Hide Your Love Away, I Should Have Known Better, A Hard Day's Night, Ticket To Ride, Get Back)
99.9%
1 (#1/1968)Hey Jude
81.2%
121 (#23/1969)Hey Jude
81.1%
67 (#3/1971)Imagine
79.6%
18 (#1/1965)Help!
71.8%
50 (#2/1966)Yellow Submarine
70.9%
21 (#1/1965)Yesterday
69.1%
136 (#25/1967)Yesterday
69.1%
12 (#1/1970)Let It Be
66.6%
2 (#1/1964)I Want To Hold Your Hand
63.2%
11 (#1/1982)Ebony and Ivory
59.2%
14 (#1/1964)A Hard Day's Night
58.9%
138 (#29/1966)A Hard Day's Night (Live)
58.9%
140 (#42/1971)Love
57.8%
16 (#1/1969)Get Back
57.7%
99 (#11/1966)Eleanor Rigby
55.6%
123 (#17/1969)Eleanor Rigby
55.6%
135 (#35/1968)Eleanor Rigby
55.6%
4 (#1/1964)She Loves You
54.9%
9 (#1/1970)My Sweet Lord
54%
17 (#1/1969)Come Together
53.4%
124 (#23/1978)Come Together
53.4%
25 (#1/1974)Band On The Run
52.9%
57 (#1/1967)Penny Lane
52.4%
36 (#1/1967)All You Need Is Love
51.9%
90 (#8/1967)Strawberry Fields Forever
51.5%
27 (#1/1964)Love Me Do
50.7%
33 (#1/1965)Ticket To Ride
50.4%
39 (#1/1975)Lucy In The Sky With Diamonds
50%
6 (#2/64&86)Twist And Shout
49.3%
91 (#3/1969)Something
47.7%
31 (#2/1973)Live And Let Die
47.7%
137 (#33/1992)Live And Let Die
47.7%
113 (#20/1975)You
46%
40 (#1/1966)Paperback Writer
45.6%
87 (#16/1971)Here Comes The Sun
45.6%
3 (#1/1983)Say Say Say
45.2%
37 (#3/1964)Please Please Me
44.6%
75 (#12/1968)Revolution
42.9%
45 (#1/1965)Eight Days A Week
40.9%
48 (#1/1970)The Long And Winding Road
40.6%
15 (#1/1966)We Can Work It Out
39.9%
94 (#13/1971)We Can Work It Out
39.9%
23 (#1/1967)Hello Goodbye
38.4%
22 (#2/1981)Woman
37.2%
77 (#14/1966)Woman
37.2%
24 (#1/1964)Can't Buy Me Love
36.7%
52 (#4/1968)Lady Madonna
36.6%
59 (#3/1966)Nowhere Man
35.2%
Rank (HP/Year) Song % Correct
66 (#7/1974)Jet
34.9%
68 (#7/1988)I Saw Him Standing There
33.8%
114 (#18/1966)Michelle
33.6%
5 (#1/1976)Silly Love Songs
33.5%
88 (#14/1964)I Saw Her Standing There
33.2%
73 (#5/1966)Day Tripper
33.1%
80 (#8/1969)The Ballad Of John And Yoko
33.1%
30 (#2/1983)The Girl Is Mine
32.6%
34 (#3/1970)Instant Karma (We All Shine On)
31.5%
32 (#1/1973)Photograph
30.2%
82 (#10/1977)Maybe I'm Amazed
29.9%
10 (#1/1988)Got My Mind Set On You
29%
7 (#1/1980)(Just Like) Starting Over
28.4%
104 (#14/1969)Give Peace A Chance
27.5%
19 (#1/1964)I Feel Fine
26.8%
43 (#1/1971)Uncle Albert / Admiral Halsey
25.4%
142 (#33/1978)Girls' School / Mull of Kintyre
23.5%
89 (#10/1965)You've Got To Hide Your Love Away
23.4%
97 (#12/1964)And I Love Her
23.4%
46 (#2/1964)Do You Want To Know A Secret
23%
65 (#7/1976)Got To Get You Into My Life
23%
93 (#9/1978)Got To Get You Into My Life
23%
150 (#54/1965)And I Love Him
22.5%
26 (#1/1974)You're Sixteen
22.5%
83 (#10/1981)Watching The Wheels
22.3%
72 (#6/1968)The Fool On The Hill
21.3%
8 (#1/1973)My Love
21.1%
20 (#1/1975)Fame
20%
13 (#1/1980)Coming Up (Live At Glasgow)
19.2%
29 (#1/1964)A World Without Love
19.2%
47 (#4/1971)It Don't Come Easy
18.2%
44 (#3/1976)Let 'Em In
17.3%
126 (#23/1966)Rain
17%
49 (#1/1974)Whatever Gets You Thru The Night
16.8%
28 (#2/1968)Those Were The Days
16.7%
92 (#10/1971)What Is Life
15.7%
60 (#2/1981)All Those Years Ago
15.4%
42 (#1/1973)Give Me Love (Give Me Peace On Earth)
15.3%
86 (#4/2015)FourFiveSeconds
14.9%
132 (#45/1988)Handle With Care
14.4%
62 (#7/1970)Come And Get It
13.8%
41 (#1/1978)With a Little Luck
13.8%
64 (#5/1971)Another Day
13.8%
53 (#3/1975)No No Song
13.8%
127 (#26/1969)Birthday
13.8%
111 (#23/1988)When We Was Fab
13.7%
35 (#1/1975)Listen To What The Man Said
13.4%
84 (#18/1973)Mind Games
13.2%
58 (#3/1975)Junior's Farm
13.2%
96 (#10/1964)P.S. I Love You
13.2%
Rank (HP/Year) Song % Correct
117 (#30/1970)She Came In Through The Bathroom Window
13%
109 (#15/1978)Oh! Darling
13%
120 (#20/1975)Stand By Me
12.9%
115 (#30/1970)Cold Turkey
12.7%
78 (#9/1975)#9 Dream
12.3%
54 (#6/1984)No More Lonely Nights
12%
81 (#10/1973)Hi, Hi, Hi
11.9%
71 (#5/1984)Nobody Told Me
11.9%
85 (#9/1972)Back Off Boogaloo
11.9%
70 (#10/1974)Helen Wheels
11.8%
146 (#26/1964)My Bonnie (My Bonnie Lies Over The Ocean)
11.1%
118 (#12/1975)Venus And Mars / Rock Show
10.8%
56 (#4/1972)Day After Day
10.3%
74 (#4/1964)She's A Woman
9.7%
116 (#19/1977)Crackerbox Palace
9.4%
100 (#11/1971)Power To The People
9.1%
134 (#23/1971)Bangla Desh
8.9%
101 (#15/1975)Dark Horse
8.4%
51 (#7/1986)Spies Like Us
8.3%
98 (#19/1989)Veronica
8.3%
103 (#13/1969)Goodbye
8.1%
55 (#8/1974)You Won't See Me
8.1%
63 (#5/1979)Goodnight Tonight
8.1%
79 (#9/1964)Bad To Me
8.1%
143 (#28/1972)Mary Had A Little Lamb
7.7%
128 (#21/1972)Give Ireland Back To The Irish
7.2%
122 (#25/1989)My Brave Face
6.9%
76 (#10/1982)Take It Away
6.9%
61 (#5/1974)Oh My My
6.9%
107 (#16/1979)Blow Away
6.8%
110 (#19/1964)Ain't She Sweet
6.3%
125 (#25/1977)This Song
6.3%
106 (#21/1986)Press
6.2%
69 (#6/1975)Only You
5.9%
148 (#31/1975)It's All Down To Goodnight Vienna
5.9%
112 (#17/1964)Matchbox
5.9%
130 (#25/1964)I'll Cry Instead
5.8%
144 (#35/1964)Thank You Girl
5.2%
139 (#25/1964)Slow Down
4.8%
145 (#29/1979)Arrow Through Me
4.5%
102 (#23/1984)So Bad
4.5%
147 (#38/1981)Wrack My Brain
4.3%
129 (#20/1979)Getting Closer
4.2%
149 (#17/1975)Sally G
4.2%
119 (#23/1964)From A Window
3.2%
95 (#12/1964)Nobody I Know
3.2%
131 (#26/1976)A Dose Of Rock 'N' Roll
3.1%
133 (#25/1978)I've Had Enough
3.1%
141 (#30/1964)I'll Keep You Satisfied
2.8%
105 (#16/1964)I Don't Want To See You Again
2.5%

You're not logged in!

Compare scores with friends on all Sporcle quizzes.
OR
Log In

You Might Also Like...

Show Comments

Extras

Top Quizzes Today


Score Distribution

Your Account Isn't Verified!

In order to create a playlist on Sporcle, you need to verify the email address you used during registration. Go to your Sporcle Settings to finish the process.

Report this User

Report this user for behavior that violates our Community Guidelines.

Details: